Horizontes de grandeza / (Registro nro. 77299)
[ vista simple ]
| 000 -LEADER | |
|---|---|
| campo de control de longitud fija | 00615nam a2200205 i 4500 |
| 001 - NÚMERO DE CONTROL | |
| campo de control | 77299 |
| 003 - IDENTIFICADOR DE NÚMERO DE CONTROL | |
| campo de control | ES-MaACL |
| 005 - FECHA Y HORA DE LA ÚLTIMA TRANSACCIÓN | |
| campo de control | 20230906173143.0 |
| 007 - CAMPO FIJO DE DESCRIPCIÓN FÍSICA--INFORMACIÓN GENERAL | |
| campo de control de longitud fija | t| |
| 008 - DATOS DE LONGITUD FIJA--INFORMACIÓN GENERAL | |
| campo de control de longitud fija | 041007s1960 sp ||||1| spa d |
| 100 1# - ENTRADA PRINCIPAL--NOMBRE DE PERSONA | |
| Nombre de persona | Hamilton, Donald. |
| 9 (RLIN) | 61657 |
| 245 10 - MENCIÓN DEL TÍTULO | |
| Título | Horizontes de grandeza / |
| Mención de responsabilidad, etc. | por Donald Hamilton ; [versión castellana de César de Montserrat]. |
| 260 ## - PUBLICACIÓN, DISTRIBUCIÓN, ETC. | |
| Lugar de publicación, distribución, etc. | Barcelona : |
| Nombre del editor, distribuidor, etc. | G.P., |
| Fecha de publicación, distribución, etc. | [1960] ( |
| Fabricante | Guada) |
| 300 ## - DESCRIPCIÓN FÍSICA | |
| Extensión | 160 p. ; |
| Dimensiones | 18 cm. |
| 490 1# - MENCIÓN DE SERIE | |
| Mención de serie | Libros Plaza |
| 700 1# - ENTRADA AGREGADA--NOMBRE PERSONAL | |
| Nombre de persona | Montserrat, César de. |
| 9 (RLIN) | 82735 |
| 830 0# - PUNTO DE ACCESO ADICIONAL DE SERIE-TÍTULO UNIFORME | |
| Título uniforme | Libros Plaza |
| 9 (RLIN) | 181449 |
| 852 ## - LOCALIZACIÓN | |
| Ubicación | ES-MaACL |
| Número de control de estantería | C-17161 |
| Sublocalización o colección | R.45677 |
| Estatus retirado | Estado de pérdida | Estado de daño | No para préstamo | Biblioteca de origen | Biblioteca actual | Ubicación en estantería | Fecha de adquisición | Fuente de adquisición | Total de préstamos | Signatura topográfica completa | Código de barras | Visto por última vez | Precio de reemplazo | Tipo de ítem Koha |
|---|---|---|---|---|---|---|---|---|---|---|---|---|---|---|
| Biblioteca del Ateneo de Madrid | Biblioteca del Ateneo de Madrid | Galería | 17/01/2008 | C-17161 | 1080876 | 23/02/2023 | 23/02/2023 | Libro impreso |
